| 000 | 00445nam a2200193Ia 4500 | ||
|---|---|---|---|
| 005 | 20250425162525.0 | ||
| 008 | 250425s9999 xx 000 0 und d | ||
| 020 | _a9789702607915 | ||
| 041 | _aspa | ||
| 082 | _a547 | ||
| 100 | _aBRUICE, PAULA YURKANIS | ||
| 245 | 0 | _aQUÍMICA ORGÁNICA | |
| 250 | _a5A ED. | ||
| 260 |
_aEstados Unidos _bPEARSON EDUCACION _c2008 |
||
| 260 | _aS.L. | ||
| 300 | _a1319 | ||
| 942 | _c01 | ||
| 010 | _a81670 | ||
| 999 |
_c230975 _d230975 |
||